00568nam a22002057a 450000500170000001000130001702000070003003500130003703700160005004000120006608200180007810000310009624500700012726000440019727000420024130000200028350000200030365000220032365000170034520170124105928.0 aA-144067 c00 aA-144067 bCen Lib/Ret aDPLbEN a396.0954bCHA aChattopadhayay, Kamaladevi aIndian women's battle for freedom /cby Kamaladevi Chattopadhayay aNew Delhi bAbhinav Publications c1983 bNew Delhi aE-37, Hauz Khass e110016 a134p.c19cm(Hb) aIncludes index  aPolitical rights  aIndian women